Aplying C++ (Record no. 166123)

MARC details
000 -LEADER
fixed length control field 00446nam a2200181Ia 4500
008 - FIXED-LENGTH DATA ELEMENTS--GENERAL INFORMATION
fixed length control field 230612s9999 xx 000 0 und d
041 ## - LANGUAGE CODE
Language code of text/sound track or separate title eng
082 ## - DEWEY DECIMAL CLASSIFICATION NUMBER
Classification number 005.13'3 LAD
100 ## - MAIN ENTRY--PERSONAL NAME
Personal name Ladd S.R.
9 (RLIN) 123799
245 ## - TITLE STATEMENT
Title Aplying C++
250 ## - EDITION STATEMENT
Edition statement 1st ed.
260 ## - PUBLICATION, DISTRIBUTION, ETC. (IMPRINT)
Date of publication, distribution, etc. 1993
Name of publisher, distributor, etc. B.P.B. Publication
300 ## - PHYSICAL DESCRIPTION
Extent 460
365 ## - TRADE PRICE
Currency code Rs.
Price amount 195.00
700 ## - ADDED ENTRY--PERSONAL NAME
Personal name Ladd S.R.
9 (RLIN) 123799
906 ## - LOCAL DATA ELEMENT F, LDF (RLIN)
d B:20017-May-1993
c COMP
b 29.25
Holdings
Withdrawn status Lost status Damaged status Not for loan Home library Current library Date acquired Vendor Budget Code Cost, normal purchase price Bill number Total Checkouts Full call number Barcode Date last seen Discount Cost, replacement price Bill Date Koha item type Original Barcode
        Cummins College of Engineering for Women Pune Cummins College of Engineering for Women Pune 24/05/1993 Pradeep Book Distributors COMP 165.75 200   005.13'3 LAD CCEP-BK-1841 12/06/2023 29.25 195.00 17/05/1993 Books 001841